| 000 | 01340nam0a22003131 4500 | ||
|---|---|---|---|
| 001 | rc\4649743 | ||
| 005 | 20250612142408.0 | ||
| 021 |
_aRU _b[59-2082] |
||
| 035 | _a(NLR Aleph) 008690728 | ||
| 090 |
_a9237092 _c9237092 |
||
| 100 | _a20130416d1958 |||y0rusy50 ca | ||
| 101 | 0 | _arus | |
| 102 | _aRU | ||
| 105 | _aa z ||||| | ||
| 200 | 1 |
_aКедрово-широколиственные леса Дальнего Востока и хозяйство в них _fПод ред. д-ра с.-х. наук А.А. Цымека |
|
| 210 |
_aХабаровск _cКн. изд-во _d1958 |
||
| 215 |
_a367 с. _cил. _d21 |
||
| 300 | _aПеред загл. авт.: К.П. Соловьев, канд. с.-х. наук | ||
| 320 | _aБиблиогр.: с. 347-359 | ||
| 606 |
_aЛесное хозяйство _yДальний Восток СССР _2psbo |
||
| 606 |
_aКедровые леса _yДальний Восток СССР _2psbo |
||
| 606 |
_aЛиственные леса _yДальний Восток СССР _2psbo |
||
| 700 | 1 |
_7ca _8rus _aСоловьев _bК. П. _cд-р с.-х. наук _f1896-1987 _gКонстантин Петрович _9161638 _3RU\NLR\AUTH\770161682 |
|
| 702 | 1 |
_aЦымек _bА.А. _4340 |
|
| 801 | 0 |
_aRU _bNLR _gpsbo |
|
| 801 | 1 |
_aRU _bELAR _2rusmarc |
|
| 852 |
_aNLR _j59-3/570 |
||
| 942 | _cBOOK | ||
| 980 | _aNB | ||